00450nam a2200133Ia 4500008004100000020001500041050002100056100002700077245008100104260003300185300003500218650002800253650003500281120626s1998 sp a 000 0 spa d a8420679046 aN7832 bG75 1998 aGrabar, Andréeautor aLas vías de la creación en la iconografía cristiana c/ André Grabar aEspaña b: Alianzac, 1998 a342 páginasb: ilustraciones 0aICONOGRAFÍA CRISTIANA 0aARTE Y SIMBOLÍSMO CRISTIANO